Sports Quiz

Random Sports or NFL Quiz

2010 NFL QBs with 300+ passing yards in a game Quiz Stats

 Plays Quiz not verified by Sporcle

Support Sporcle.
Go Orange.
Score 0/96 Timer 05:00
0 Plays Today
Yards % Correct
307Peyton Manning
99.5%
319Peyton Manning
99.5%
325Peyton Manning
99.5%
352Peyton Manning
99.5%
365Peyton Manning
99.5%
396Peyton Manning
99.5%
433Peyton Manning
99.5%
301Eli Manning
97.6%
306Eli Manning
97.6%
373Eli Manning
97.6%
386Eli Manning
97.6%
326Tom Brady
96.2%
341Tom Brady
96.2%
350Tom Brady
96.2%
369Tom Brady
96.2%
302Drew Brees
91.9%
305Drew Brees
91.9%
313Drew Brees
91.9%
352Drew Brees
91.9%
356Drew Brees
91.9%
365Drew Brees
91.9%
382Drew Brees
91.9%
357Donovan McNabb
90%
376Donovan McNabb
90%
426Donovan McNabb
90%
301Aaron Rodgers
89%
313Aaron Rodgers
89%
316Aaron Rodgers
89%
344Aaron Rodgers
89%
404Aaron Rodgers
89%
305Philip Rivers
88.5%
313Philip Rivers
88.5%
Yards % Correct
336Philip Rivers
88.5%
431Philip Rivers
88.5%
455Philip Rivers
88.5%
302Michael Vick
88%
333Michael Vick
88%
302Ben Roethlisberger
87.6%
320Ben Roethlisberger
87.6%
387Ben Roethlisberger
87.6%
334Philip Rivers
86.6%
374Tony Romo
86.1%
406Tony Romo
86.1%
301Joe Flacco
85.6%
333Michael Vick
85.6%
446Brett Favre
85.2%
372Jay Cutler
84.7%
316Matt Ryan
84.2%
305Matt Schaub
83.7%
310Matt Schaub
83.7%
314Matt Schaub
83.7%
325Matt Schaub
83.7%
337Matt Schaub
83.7%
393Matt Schaub
83.7%
497Matt Schaub
83.7%
309Alex Smith
82.8%
356Troy Smith
82.3%
307Kyle Orton
80.9%
314Kyle Orton
80.9%
315Mark Sanchez
80.9%
336Mark Sanchez
80.9%
341Kyle Orton
80.9%
347Kyle Orton
80.9%
370Kyle Orton
80.9%
Yards % Correct
476Kyle Orton
80.9%
305Carson Palmer
80.4%
345Carson Palmer
80.4%
371Carson Palmer
80.4%
412Carson Palmer
80.4%
314Matt Cassel
77.5%
469Matt Cassel
77.5%
308Sam Bradford
77%
305Chad Henne
75.1%
307Chad Henne
75.1%
342David Garrard
75.1%
363Chad Henne
75.1%
333Matt Hasselbeck
74.6%
366Matt Hasselbeck
74.6%
305Jon Kitna
73.2%
313Jon Kitna
73.2%
327Jon Kitna
73.2%
379Jon Kitna
73.2%
326Kevin Kolb
72.2%
310Jason Campbell
71.8%
316Ryan Fitzpatrick
71.8%
324Jason Campbell
71.8%
382Ryan Fitzpatrick
71.8%
300Kerry Collins
68.4%
308Tim Tebow
66.5%
322Derek Anderson
61.2%
323Shaun Hill
59.3%
331Shaun Hill
59.3%
335Shaun Hill
59.3%
323Rex Grossman
55.5%
336Rex Grossman
55.5%
308Matt Moore
41.6%

You're not logged in!

Compare scores with friends on all Sporcle quizzes.
OR
Log In

From the Vault

20th Century History Hodgepodge

by trusting365

The 20th century had a lot going on, but here's a little taste for those of us who might have missed a bit.
Remove Ads.
Support Sporcle.
Get the best of Sporcle when you Go Orange. This ad-free experience offers more features, more stats, and more fun while also helping to support Sporcle. Thank you for becoming a member.

Show Comments

Extras

Top Quizzes Today


Score Distribution

Your Account Isn't Verified!

In order to create a playlist on Sporcle, you need to verify the email address you used during registration. Go to your Sporcle Settings to finish the process.

Report this User

Report this user for behavior that violates our Community Guidelines.

Details: